The Perpendiculum: Presumptions and Legal Arguments in the 12th Century /
The Perpendiculum (or Summula de presumptionibus ), produced in Northern France c.1170, is one of the earliest collections of brocards: a literary genre intended to provide legal arguments for disputation in the medieval schools of law. Its innovative use of dialectical techniques and its theorizati...
المؤلف الرئيسي:
التنسيق: كتاب الكتروني
اللغة: English
منشور في:
Leiden ; Boston :
Brill,
2025.
سلاسل:
Late Antiquity and Medieval Studies E-Books Online, Collection 2024.
Medieval Law and Its Practice ;
43.
الموضوعات:
الوصول للمادة أونلاين: Login to view Source
الوسوم: إضافة وسم
رقم الطلب: D410
| LEADER | 02384nam a22004818i 4500 | ||
|---|---|---|---|
| 001 | BRILL9789004713239 | ||
| 003 | nllekb | ||
| 005 | 20241111180943.0 | ||
| 006 | m d | ||
| 007 | cr un uuuua | ||
| 008 | 240801s2025 gw sb 001 0 eng d | ||
| 020 | |a 9789004713239 |q (electronic book) | ||
| 020 | |z 9789004712751 |q (print) | ||
| 024 | 7 | |a 10.1163/9789004713239 |2 DOI | |
| 035 | |z (OCoLC)1445896513 | ||
| 040 | |a NL-LeKB |c NL-LeKB |e rda | ||
| 041 | |a eng | ||
| 050 | 4 | |a D410 | |
| 072 | 7 | |a HB |2 bicssc | |
| 072 | 7 | |a HIS |x 000000 |2 bisacsh | |
| 082 | 0 | 4 | |a 910.82 |2 23 |
| 100 | 1 | |a Concilio, David De, |e author. | |
| 245 | 1 | 4 | |a The Perpendiculum: Presumptions and Legal Arguments in the 12th Century / |c David De Concilio. |
| 264 | 1 | |a Leiden ; |a Boston : |b Brill, |c 2025. | |
| 264 | 4 | |c ©2025 | |
| 300 | |a 1 online resource (416 pages) : |b illustrations. | ||
| 336 | |a text |b txt |2 rdacontent | ||
| 337 | |a computer |b c |2 rdamedia | ||
| 338 | |a online resource |2 rdacarrier | ||
| 490 | 1 | |a Late Antiquity and Medieval Studies E-Books Online, Collection 2024 | |
| 490 | 1 | |a Medieval Law and Its Practice ; |v 43 | |
| 504 | |a Includes bibliographical references and index. | ||
| 520 | |a The Perpendiculum (or Summula de presumptionibus ), produced in Northern France c.1170, is one of the earliest collections of brocards: a literary genre intended to provide legal arguments for disputation in the medieval schools of law. Its innovative use of dialectical techniques and its theorization of canon law presumptions have attracted the attention of legal historians, raising questions on its origin and milieu. This book offers the first comprehensive study of this work, with a Latin edition and an English translation of its text, shedding new light on the significance of this collection for twelfth-century legal teaching and learning. | ||
| 546 | |a English | ||
| 588 | |a Description based on print version record. | ||
| 650 | 0 | |a History. | |
| 650 | 0 | |a Medieval History. | |
| 776 | 0 | 8 | |i Print version: |t The Perpendiculum: Presumptions and Legal Arguments in the 12th Century : . |d Leiden ; Boston : Brill, 2025. |z 9789004712751 |
| 830 | 0 | |a Late Antiquity and Medieval Studies E-Books Online, Collection 2024. | |
| 830 | 0 | |a Medieval Law and Its Practice ; |v 43. | |
| 856 | 4 | |z DOI: |u http://dx.doi.org/10.1163/9789004713239 | |
| 942 | |2 lcc |c EBOOK | ||
| 999 | |c 59777 |d 59777 | ||
